Paesi che producono energia nucleare - Statistics

Statistiche generali
  • Questo quiz è stato fatto 49 volte
  • Il punteggio medio è 26 su 32
Statistiche sulle risposte
Continente Impianti funzionanti Nazione % Corretto
America del Sud 3 Argentina
100%
Asia 54 Cina
100%
Europa 56 Francia
100%
Asia / Europa 37 Russia
100%
America del Nord 99 Stati Uniti
100%
America del Sud 2 Brasile
97%
America del Nord 19 Canada
97%
Asia 19 India
95%
Europa 15 Ucraina
95%
Asia 33 Giappone
92%
America del Nord 2 Messico
92%
Europa 7 Spagna
92%
Europa 15 Regno Unito
89%
Europa 6 Svezia
89%
Europa 7 Belgio
87%
Europa 5 Finlandia
87%
Asia 1 Iran
87%
Europa 1 Bielorussia
84%
Europa 1 Paesi Bassi
84%
Europa 2 Bulgaria
82%
Asia 25 Corea del Sud
82%
Europa 2 Romania
79%
Europa 4 Slovacchia
79%
Asia 6 Pakistan
76%
Europa 4 Ungheria
76%
Europa 6 Repubblica Ceca
71%
Europa 1 Slovenia
71%
Europa 4 Svizzera
71%
Africa 2 Sudafrica
66%
Asia 3 Taiwan
39%
Asia 1 Armenia
37%
Asia 3 Emirati Arabi Uniti
16%
Nessun quiz corrispondente trovato
Distribuzione punteggi
Percentuale di utenti per punteggio
Percentile per numero di risposta
I tuoi punteggi nel tempo
Non hai fatto questo quiz